LEADER 01047nam a2200217 i 4500 001 000000227198 003 CaOOAMICUS 005 20190326164003.0 008 140218n xx u000 u spa u 013 $a206100 040 $aSeMil$bita 245 10$aTomo 2. 490 0 $aAnalecta Gregoriana ;$v248 490 0 $aAnalecta Gregoriana. Series Facultatis Historiae Ecclesiasticae. Sectio A ;$v28 773 0 $aOrbe, Antonio $tIntroduccion a la teologia de los siglos 2. y 3..$dRoma : Pontificia Università Gregoriana, 1987.$kAnalecta Gregoriana$kAnalecta gregoriana. Series Facultatis Theologiae. Sectio A$z88-7652-575-0$w()29461 830 0$aAnalecta Gregoriana ;$v248.$0(OLS)http://semarc/title/9 830 0$aAnalecta Gregoriana. Series Facultatis Historiae Ecclesiasticae. Sectio A ;$v28.$0(OLS)http://semarc/title/39972 850 $aSeMil 852 $aSeMil$W1$xVenegono$y1$m2N V 348/2$j177544$B177544$CSeMilBibl$Z2$F188430 $81 996 $6245$aTomo 2$9(OLS)http://semarc/title/49331 LEADER 00874nam a2200205 i 4500 001 000000025280 003 CaOOAMICUS 005 20180830125446.0 008 180830s1856 it u000 u ita u 040 $aSeMil$bita 100 1 $aNannucci, Vincenzo.$0(OLS)http://semarc/name/11185 245 10$aManuale della letteratura del primo secolo della lingua italiana /$ccompilato dal prof. Vincenzo Nannucci. 250 $a2. Ed. ripassata dall'Autore. 260 $aFirenze :$bBarbera, Bianchi e C.,$c1856-1858. 300 $a2 v. ;$c19 cm. 650 4$aLetteratura italiana - Sec. 13.$0(OLS)http://semarc/subject/3991 774 0 $tVol. 1.$g1$w()76176 774 0 $tVol. 2.$g2$w()204988 996 $6245$aManuale della letteratura del primo secolo della lingua italiana$9(OLS)http://semarc/title/34040 996 $6260$aFirenze :$bBarbera, Bianchi e C.$9(OLS)http://semarc/publisher/31714 LEADER 01023nam a2200241 i 4500 001 000000100443 003 CaOOAMICUS 005 20130826000000.0 008 130826n xx u000 u und u 013 $a72595 040 $aSeMil$bita 100 1 $aAlfaro, Juan,$c.$0(OLS)http://semarc/name/89589 245 10$aEsistenza cristiana. Temi biblici. Sviluppo Teologico-storico. Magiste ro. 260 $aRoma :$bUniversità Gregoriana 300 $a200 p. 650 4$aTeologia fondamentale.$0(OLS)http://semarc/subject/235 650 4$aFede.$0(OLS)http://semarc/subject/589 650 4$aSperanza.$0(OLS)http://semarc/subject/7859 650 4$aCarità.$0(OLS)http://semarc/subject/3104 850 $aSeMil 852 $aSeMil$W1$xVenegono$y1$m114 98 *$j57558$B57558$CSeMilBibl$Z2$F67954 $81 996 $6245$aEsistenza cristiana. Temi biblici. Sviluppo Teologico-storico. Magiste ro$9(OLS)http://semarc/title/147607 996 $6260$aRoma :$bUniversità Gregoriana$9(OLS)http://semarc/publisher/31479